Top 5 Songs On good kid, m.A.A.d city (Kendrick Lamar) - Statistics

General Stats
  • This quiz has been taken 251 times
  • The average score is 4 of 5
Answer Stats
Hint Answer % Correct
923,455,008 Money Trees
98%
620,168,824 m.A.A.d city
96%
367,536,690 Swimming Pools (Drank) - Extended Version
82%
564,790,557 Bitch, Don't Kill My Vibe
78%
415,905,912 Poetic Justice
75%
No matching quizzes found
Score Distribution
Percent of People with Each Score
Percentile by Number Answered
Your Score History
You have not taken this quiz